<?xml version="1.0" encoding="UTF-8"?>
<record
    xmlns:xsi="http://www.w3.org/2001/XMLSchema-instance"
    xsi:schemaLocation="http://www.loc.gov/MARC21/slim http://www.loc.gov/standards/marcxml/schema/MARC21slim.xsd"
    xmlns="http://www.loc.gov/MARC21/slim">

  <leader>00985cam a22002535a 4500</leader>
  <controlfield tag="003">OSt</controlfield>
  <controlfield tag="005">20170927114851.0</controlfield>
  <controlfield tag="008">111116n19uu    le     grb   0000 0 ara d</controlfield>
  <datafield tag="040" ind1=" " ind2=" ">
    <subfield code="a">EG-Sc BUE</subfield>
    <subfield code="b">ara</subfield>
    <subfield code="c">EG-Sc BUE</subfield>
  </datafield>
  <datafield tag="041" ind1="1" ind2=" ">
    <subfield code="a">ara</subfield>
    <subfield code="h">und</subfield>
  </datafield>
  <datafield tag="082" ind1="0" ind2="4">
    <subfield code="a">335.401</subfield>
    <subfield code="b">&#x628; &#x648; &#x644;</subfield>
    <subfield code="2">22</subfield>
  </datafield>
  <datafield tag="100" ind1="1" ind2=" ">
    <subfield code="a">&#x628;&#x648;&#x644;&#x64A;&#x62A;&#x632;&#x631;&#x60C; &#x62C;&#x648;&#x631;&#x62C;</subfield>
    <subfield code="9">27770</subfield>
  </datafield>
  <datafield tag="245" ind1="1" ind2="0">
    <subfield code="a">&#x623;&#x635;&#x648;&#x644; &#x627;&#x644;&#x641;&#x644;&#x633;&#x641;&#x629; &#x627;&#x644;&#x645;&#x627;&#x631;&#x643;&#x633;&#x64A;&#x629; /</subfield>
    <subfield code="c">&#x62A;&#x623;&#x644;&#x64A;&#x641; &#x62C;&#x648;&#x631;&#x62C; &#x628;&#x648;&#x644;&#x64A;&#x62A;&#x632;&#x631;&#x60C; &#x62C;&#x64A; &#x628;&#x64A;&#x633;&#x60C; &#x645;&#x648;&#x631;&#x64A;&#x633; &#x643;&#x627;&#x641;&#x64A;&#x646; &#x61B; &#x62A;&#x639;&#x631;&#x64A;&#x628; &#x634;&#x639;&#x628;&#x627;&#x646; &#x628;&#x631;&#x643;&#x627;&#x62A;.</subfield>
  </datafield>
  <datafield tag="260" ind1=" " ind2=" ">
    <subfield code="a">&#x635;&#x64A;&#x62F;&#x627;&#x60C; &#x628;&#x64A;&#x631;&#x648;&#x62A; :</subfield>
    <subfield code="b">&#x645;&#x646;&#x634;&#x648;&#x631;&#x627;&#x62A; &#x627;&#x644;&#x645;&#x643;&#x62A;&#x628;&#x629; &#x627;&#x644;&#x639;&#x635;&#x631;&#x64A;&#x629;&#x60C;</subfield>
    <subfield code="c">[19--]</subfield>
  </datafield>
  <datafield tag="300" ind1=" " ind2=" ">
    <subfield code="a">372 &#x635;. :</subfield>
    <subfield code="c">20 &#x633;&#x645;.</subfield>
  </datafield>
  <datafield tag="504" ind1=" " ind2=" ">
    <subfield code="a">&#x64A;&#x634;&#x62A;&#x645;&#x644; &#x639;&#x644;&#x649; &#x625;&#x631;&#x62C;&#x627;&#x639;&#x627;&#x62A; &#x628;&#x628;&#x644;&#x64A;&#x648;&#x62C;&#x631;&#x627;&#x641;&#x64A;&#x629;.</subfield>
  </datafield>
  <datafield tag="650" ind1=" " ind2="7">
    <subfield code="a">&#x627;&#x644;&#x645;&#x627;&#x631;&#x643;&#x633;&#x64A;&#x629;&#x200F;</subfield>
    <subfield code="x">.&#x641;&#x644;&#x633;&#x641;&#x629;</subfield>
    <subfield code="2">BUEsh</subfield>
    <subfield code="9">27771</subfield>
  </datafield>
  <datafield tag="651" ind1=" " ind2=" ">
    <subfield code="2">BUEsh</subfield>
  </datafield>
  <datafield tag="653" ind1=" " ind2=" ">
    <subfield code="b">GGEN</subfield>
    <subfield code="c">November2011</subfield>
    <subfield code="c">May2014</subfield>
  </datafield>
  <datafield tag="700" ind1="1" ind2=" ">
    <subfield code="a">&#x628;&#x64A;&#x633;&#x60C; &#x62C;&#x64A;.</subfield>
    <subfield code="9">27772</subfield>
  </datafield>
  <datafield tag="700" ind1="1" ind2=" ">
    <subfield code="a">&#x643;&#x627;&#x641;&#x64A;&#x646;&#x60C; &#x645;&#x648;&#x631;&#x64A;&#x633;.</subfield>
    <subfield code="9">27773</subfield>
  </datafield>
  <datafield tag="700" ind1="1" ind2=" ">
    <subfield code="a">&#x628;&#x631;&#x643;&#x627;&#x62A;&#x60C; &#x634;&#x639;&#x628;&#x627;&#x646;&#x60C;</subfield>
    <subfield code="e">&#x645;&#x639;&#x631;&#x628;.</subfield>
    <subfield code="9">27774</subfield>
  </datafield>
  <datafield tag="942" ind1=" " ind2=" ">
    <subfield code="2">ddc</subfield>
    <subfield code="c">BB</subfield>
  </datafield>
  <datafield tag="999" ind1=" " ind2=" ">
    <subfield code="c">16220</subfield>
    <subfield code="d">16220</subfield>
  </datafield>
  <datafield tag="952" ind1=" " ind2=" ">
    <subfield code="0">0</subfield>
    <subfield code="1">0</subfield>
    <subfield code="2">ddc</subfield>
    <subfield code="4">0</subfield>
    <subfield code="7">0</subfield>
    <subfield code="8">Donation-G</subfield>
    <subfield code="a">MAIN</subfield>
    <subfield code="b">MAIN</subfield>
    <subfield code="c">1ST</subfield>
    <subfield code="d">2014-05-04</subfield>
    <subfield code="e">Donation</subfield>
    <subfield code="o">335.401 &#x628; &#x648; &#x644;</subfield>
    <subfield code="p">000035938</subfield>
    <subfield code="r">2025-07-15 00:00:00</subfield>
    <subfield code="s">2016-03-17</subfield>
    <subfield code="y">BB</subfield>
  </datafield>
</record>
